00328nam a22001217a 4500020001800000040000900018082001500027100001900042245004700061260004300108300000900151650004600160 a9789693517941 cNUST a910.4bMUH aMuhammad Kazim aMaghrabi Germany Main Aik Baras Safar Nama aLAHOREbSang-E-Meel Publicationsc2006 b320P 2Urdu Travelogue-Germany. Urdu Safarn nama